Antiquities Dealers Association (Record no. 120265)

MARC details
000 -LEADER
fixed length control field 00673cam a2200181 4500
001 - CONTROL NUMBER
control field WS122000
008 - FIXED-LENGTH DATA ELEMENTS--GENERAL INFORMATION
fixed length control field 030415n 000 0 eng u
035 ## - SYSTEM CONTROL NUMBER
System control number (Sirsi) u122000
110 ## - MAIN ENTRY--CORPORATE NAME
Corporate name or jurisdiction name as entry element Antiquities Dealers Association
9 (RLIN) 4435
245 ## - TITLE STATEMENT
Title Antiquities Dealers Association
520 ## - SUMMARY, ETC.
Summary, etc. Web site for this organisation which promotes the ethical collecting of antiquities. Includes details of their Code of Ethics and a list of their members.
650 ## - SUBJECT ADDED ENTRY--TOPICAL TERM
Topical term or geographic name entry element ORGANISATION
650 ## - SUBJECT ADDED ENTRY--TOPICAL TERM
Topical term or geographic name entry element ANTIQUITIES
650 ## - SUBJECT ADDED ENTRY--TOPICAL TERM
Topical term or geographic name entry element CODE OF ETHICS
690 ## - LOCAL SUBJECT ADDED ENTRY--TOPICAL TERM (OCLC, RLIN)
Topical term or geographic name as entry element Arts and antiques
9 (RLIN) 6217
856 40 - ELECTRONIC LOCATION AND ACCESS
Uniform Resource Identifier <a href="https://www.the-ADA.org">https://www.the-ADA.org</a>
Public note View the website free of charge at www.the-ADA.org...
942 ## - ADDED ENTRY ELEMENTS (KOHA)
Suppress in OPAC 0
Holdings
Withdrawn status Lost status Source of classification or shelving scheme Damaged status Not for loan Home library Current library Shelving location Date acquired Total Checkouts Full call number Barcode Date last seen Copy number Price effective from Koha item type
    Dewey Decimal Classification     Virtual Virtual Online 15/04/2003   WEB SITE 122000-1001 06/08/2019 1 06/08/2019 Online material